00000000nam 2200000zi 4500
0019.890900
003CaOODSP
00520230203075754
006m     o  d f      
007cr cn|||||||||
008200826s2019    onca    o    f000 0 fre d
040 |aCaOODSP|bfre|erda|cCaOODSP
041 |afre|aeng
043 |an-cn---
0861 |aD96-28/2019-PDF
24500|aProtect how you connect : |bassessing possible risks before using social media platforms and apps / |cCanadian Centre for Cyber Security.
24611|aProtégez-vous en ligne : |bévaluer les risques avant d'utiliser les plateformes et applications de médias sociaux / Centre canadien pour la cybersécurité
264 1|a[Ottawa] : |bCentre de la sécurité des télécommunications = Communications Security Establishment, |c[2019]
300 |a1 ressource en ligne (2 pages non numérotées) : |billustrations en couleur
336 |atexte|btxt|2rdacontent/fre
337 |ainformatique|bc|2rdamedia/fre
338 |aressource en ligne|bcr|2rdacarrier/fre
500 |aTitre de départ.
546 |aTexte en français et en anglais, le texte français suit le texte anglais.
650 6|aSécurité informatique|zCanada.
650 6|aMédias sociaux|zCanada|xSécurité|xMesures.
650 6|aMessagerie instantanée|zCanada|xSécurité|xMesures.
7102 |aCentre canadien pour la cybersécurité, |eorganisme de publication.
791 |tProtect how you connect : |eeng|w(CaOODSP)9.890899
85640|qPDF|s5.28 Mo|uhttps://publications.gc.ca/collections/collection_2020/cstc-csec/D96-28-2019.pdf